书目信息 |
| 题名: |
科学研究的方法论
|
|
| 作者: | 陈衡 编著 | |
| 分册: | ||
| 出版信息: | 北京 科学出版社 1982 |
|
| 页数: | 361页 | |
| 开本: | 19cm | |
| 丛书名: | ||
| 单 册: | ||
| 中图分类: | N3 , G304 | |
| 科图分类: | ||
| 主题词: | 自然科学-研究方法 , 研究方法-自然科学 , 科学研究--理论 | |
| 电子资源: | ||
| ISBN: | ||
| 000 | 00715nam0 2200277 45 | |
| 001 | 0182001417 | |
| 005 | 20040430102110.2 | |
| 010 | @dCNY1.80 | |
| 091 | @a13031.1889 | |
| 100 | @a19950422d1982 em y0chiy0121 ea | |
| 101 | 0 | @achi |
| 102 | @aCN@b110000 | |
| 105 | @ay z 000yy | |
| 106 | @ar | |
| 200 | 10 | @a科学研究的方法论@Ake xue yan jiu de fang fa lun@f陈衡编著 |
| 210 | @a北京@c科学出版社@d1982 | |
| 215 | @a361页@d19cm | |
| 606 | @a自然科学-研究方法 | |
| 606 | @a研究方法-自然科学 | |
| 606 | 0 | @a科学研究@x理论 |
| 690 | @aN3@v3 | |
| 690 | @aG304 | |
| 701 | 0 | @a陈衡@Achen heng@4编著 |
| 801 | 0 | @aCN@b上海图书馆@c20040430 |
| 801 | 2 | @aCN@bNLC@c20040430 |
| 905 | @f2@b228577-578@dG304@e68 | |
| 科学研究的方法论/陈衡编著.-北京:科学出版社,1982 |
| 361页;19cm |
| ISBN :CNY1.80 |
| ● |
| 相关链接 |
|
|
|
|
正题名:科学研究的方法论
索取号:G304/68
 
预约/预借
| 序号 | 登录号 | 条形码 | 馆藏地/架位号 | 状态 | 备注 |
| 1 | 0228577 | 000986794 | 密集书库/ [索取号:G304/68] | 在馆 | |
| 2 | 0228578 | 000986785 | 密集书库/ [索取号:G304/68] | 在馆 | |
| 3 | 0228579 | 000986776 | 第一样本阅览室/ [索取号:G304/68] | 在馆 |